Spôsoby a dôsledky trvalého znižovania hodnoty dlhodobého hmotného a nehmotného majetku v účtovníctve diplomová práca

Gespeichert in:
Bibliographische Detailangaben
1. Verfasser: Kuklišová, Eva
Körperschaft: Fakulta hospodárskej informatiky EU. Katedra účtovníctva a audítorstva
Weitere Verfasser: Soukupová, Božena
Format: Buch
Sprache:Slowakisch
Veröffentlicht: Bratislava 2010
Tags: Tag hinzufügen
Keine Tags, Fügen Sie das erste Tag hinzu!

MARC

LEADER 00000nam$a2200000$$$4500
001 0119329
005 20240318123450.3
041 0 |a slo 
044 |a SK 
245 1 0 |a Spôsoby a dôsledky trvalého znižovania hodnoty dlhodobého hmotného a nehmotného majetku v účtovníctve  |b diplomová práca  |c Eva Kuklišová ; škol. Božena Soukupová 
264 1 |a Bratislava  |c 2010 
300 |a 75 s. 
100 1 |a Kuklišová, Eva 
700 1 |a Soukupová, Božena 
710 2 |a Fakulta hospodárskej informatiky EU. Katedra účtovníctva a audítorstva